000 00460nam a2200169Ia 4500
005 20250508155047.0
008 008 250505s9999 xx 000 0 eng d
037 _aBooks to be hide in OPAC
040 _aFEDL
_beng
_cFEDL
041 _aeng
_2eng
084 _a351.001, SKI/O
_qFEDL
245 0 _aSkills, scholarship and the public service
260 _c1966
300 _a47p.
942 _cHB
_h351.001, SKI/O
999 _c1353768
_d1353768